000 00429nam a2200181Ia 4500
001 14109
005 20260306164850.0
008 260306t2017||||xx |||||||||||||| ||spa||
041 _aESP
082 _a006.6
_bR62
100 _aRininsland, Ændrew
_eAUT
245 0 _aD3.js 4.x data visualization
260 _c2017
300 _aiv, 294 páginas :
_c23 cm.
650 _aGEN
654 _aCCC
942 _cLIB
_dJUS
_fJUS
_2ddc
_n
999 _c14109
_d14109